The Pilgrims' first thanksgiving / (Record no. 3130)

MARC details
000 -LEADER
fixed length control field 01010nam a22002777a 4500
001 - CONTROL NUMBER
control field 3130
003 - CONTROL NUMBER IDENTIFIER
control field FISKH
005 - DATE AND TIME OF LATEST TRANSACTION
control field 20240208090653.0
008 - FIXED-LENGTH DATA ELEMENTS--GENERAL INFORMATION
fixed length control field 240208b cb ||||| |||| 00| 0 eng d
020 ## - INTERNATIONAL STANDARD BOOK NUMBER
International Standard Book Number 9780590461887
040 ## - CATALOGING SOURCE
Original cataloging agency FISKH
Language of cataloging eng
Transcribing agency FISKH
Modifying agency FISKH
050 ## - LIBRARY OF CONGRESS CALL NUMBER
Classification number GT4975
082 ## - DEWEY DECIMAL CLASSIFICATION NUMBER
Classification number 974.48202
100 ## - MAIN ENTRY--PERSONAL NAME
Personal name McGovern, Ann
245 ## - TITLE STATEMENT
Title The Pilgrims' first thanksgiving /
Statement of responsibility, etc. by McGovern, Ann : illustrated by Freem, Elroy
250 ## - EDITION STATEMENT
Edition statement First Scholastic printing, October 1993
260 ## - PUBLICATION, DISTRIBUTION, ETC.
Place of publication, distribution, etc. New York :
Name of publisher, distributor, etc. Scholastic ,
Date of publication, distribution, etc. 1973
300 ## - PHYSICAL DESCRIPTION
Extent 30 unnumbered pages :
Other physical details color illustrations ;
Dimensions 26 cm .
505 ## - FORMATTED CONTENTS NOTE
Formatted contents note N <br/>
520 ## - SUMMARY, ETC.
Summary, etc. Describes the voyage of the Mayflower and the difficulties encountered by the Pilgrims during their first year in the New World, and recounts how they celebrated their first harvest.
521 8# - TARGET AUDIENCE NOTE
Target audience note 570 <br/>
Source Lexile <br/>
521 8# - TARGET AUDIENCE NOTE
Target audience note N <br/>
Source Raz-Plus <br/>
650 ## - SUBJECT ADDED ENTRY--TOPICAL TERM
Topical term or geographic name entry element Native Americans
Form subdivision historical fiction
700 ## - ADDED ENTRY--PERSONAL NAME
Personal name Freem, Elroy
Relator term illustrator
942 ## - ADDED ENTRY ELEMENTS (KOHA)
Source of classification or shelving scheme Dewey Decimal Classification
Koha item type Books
Suppress in OPAC No
Holdings
Withdrawn status Lost status Source of classification or shelving scheme Damaged status Not for loan Collection Home library Current library Shelving location Date acquired Total Checkouts Full call number Barcode Date last seen Date last checked out Price effective from Koha item type
    Dewey Decimal Classification     Fiction Footprints International School Library Network Toul Kork Campus Footprints International School Library Network Toul Kork Campus   02/08/2024 1 MCG 974.48202 GT4975 FISTK02083 03/04/2024 02/26/2024 02/08/2024 Books